header

Crash cultures (Record no. 24094)

MARC details
000 -LEADER
fixed length control field 01035nam a2200265Ia 4500
100 1# - MAIN ENTRY--AUTHOR NAME
Personal name Arthurs, Jane.
245 10 - TITLE STATEMENT
Title Crash cultures
260 ## - PUBLICATION, DISTRIBUTION, ETC. (IMPRINT)
Place of publication Bristol, Uk ;
-- Portland, OR :
Name of publisher Intellect Books,
Year of publication c2002.
300 ## - PHYSICAL DESCRIPTION
Number of Pages 203 p.
650 #0 - SUBJECT ADDED ENTRY--TOPICAL TERM
Topical Term Philosophy, Modern
Topical Term Accidents (Philosophy)
856 40 - ELECTRONIC LOCATION AND ACCESS
Uniform Resource Identifier http://site.ebrary.com/lib/rucke/Doc?id=10019960

No items available.

© 2026 Rongo University
Contact us: librarian | system librarian | Rongo university